Theory of p-adic distributions : (رقم التسجيلة. 21410)
[ عرض عادي ]
| 000 -الفاتح | |
|---|---|
| حقل البيانات ثابتة الطول | 01386cam a2200361 a 4500 |
| 001 - رقم الضبط | |
| رقم الضبط | 16430664 |
| 003 - محدد رقم الضبط | |
| رقم الضبط | OSt |
| 005 - وقت وتاريخ اخر تعامل مع التسجيلة | |
| رقم الضبط | 20150408114013.0 |
| 008 - عناصر البيانات ثابتة الطول - معلومات عامة | |
| حقل البيانات ثابتة الطول | 100824s2010 enka b 001 0 eng c |
| 010 ## - رقم ضبط مكتبة الكونجرس | |
| رقم ضبط مكتبة الكونجرس | 2010483526 |
| 015 ## - رقم الببليوجرافية الوطنية | |
| رقم الببليوجرافية الوطنية | GBA9A8594 |
| المصدر | bnb |
| 016 7# - رقم ضبط الوكاله الوطنية للضبط الببليوجرافي | |
| رقم ضبط التسجيلة | 015415012 |
| المصدر | Uk |
| 020 ## - الرقم الدولى المعيارى للكتب | |
| الرقم الدولى المعيارى للكتاب | 9780521148566 (pbk.) |
| 035 ## - رقم ضبط النظام | |
| رقم ضبط النظام | (OCoLC)ocn456170368 |
| 040 ## - مصدر الفهرسة | |
| وكالة الفهرسة الأصلية | UKM |
| وكالة النسخ | UKM |
| وكالة التعديل | BTCTA |
| -- | BWKUK |
| -- | CDX |
| -- | YDXCP |
| -- | IXA |
| -- | IQU |
| -- | DEBBG |
| -- | COO |
| -- | GZM |
| -- | DLC |
| 042 ## - رمز التحقق | |
| رمز التحقق | pcc |
| 050 00 - رقم طلب مكتبة الكونجرس | |
| رقم التصنيف | QA241 |
| رقم المادة | .A415 2010 |
| 082 00 - رقم تصنيف ديوى العشرى | |
| رقم التصنيف | 519.24 |
| رقم الطبعة | 22 |
| 100 1# - المدخل الرئيسى - إسم شخصى | |
| الإسم الشخصى | Albeverio, Sergio. |
| 9 (RLIN) | 10562 |
| 245 10 - بيان العنوان | |
| العنوان | Theory of p-adic distributions : |
| بقية العنوان | linear and nonlinear models / |
| بيان المسئوليه,etc | S. Albeverio, A.Yu. Khrennikov, V.M. Shelkovich. |
| 246 30 - العنوان الموازى | |
| عنوان صحيح/عنوان مختصر | p-adic distributions |
| 260 ## - PUBLICATION, DISTRIBUTION, ETC. (IMPRINT) | |
| مكان الناشر او الموزع | Cambridge, UK ; |
| -- | New York : |
| اسم الناشر او الموزع | Cambridge University Press, |
| تاريخ النشر أو التوزيع | 2010. |
| 300 ## - الوصف المادى | |
| التعداد | xvi, 351 p. : |
| تفاصيل ماديه اخرى للوعاء | ill. ; |
| أبعاد الوعاء | 23 cm. |
| 490 0# - بيان السلسلة | |
| عنوان السلسلة | London Mathematical Society lecture note series ; |
| رقم المجلد/ التعيين التسلسلي | 370 |
| 504 ## - تبصرة ببليوجرافية | |
| تبصرة ببليوجرافية,الخ | Includes bibliographical references (p. 333-347) and index. |
| 650 #0 - المدخل الاضافى بالموضوع-مصطلح موضوعى | |
| مصطلح موضوعي أو اسم جغرافي كعنصر مدخل | p-adic numbers. |
| 9 (RLIN) | 10563 |
| 650 #0 - المدخل الاضافى بالموضوع-مصطلح موضوعى | |
| مصطلح موضوعي أو اسم جغرافي كعنصر مدخل | p-adic analysis. |
| 9 (RLIN) | 10564 |
| 650 #0 - المدخل الاضافى بالموضوع-مصطلح موضوعى | |
| مصطلح موضوعي أو اسم جغرافي كعنصر مدخل | Distribution (Probability theory) |
| 9 (RLIN) | 4482 |
| 700 1# - المدخل الاضافى - اسم شخصى | |
| الإسم الشخصى | Khrennikov, A. I͡U︡ |
| الشكل الأكمل للاسم | (Andreĭ I͡U︡rʹevich), |
| التواريخ المصاحبة للاسم | 1958- |
| 9 (RLIN) | 10565 |
| 700 1# - المدخل الاضافى - اسم شخصى | |
| الإسم الشخصى | Shelkovich, V. M. |
| الشكل الأكمل للاسم | (Vladimir M.) |
| 9 (RLIN) | 10566 |
| 942 ## - عناصر المدخل الإضافي( كوها) | |
| مصدر التصنيف او مخطط الترفيف | Dewey Decimal Classification |
| Koha [default] item type | كتاب |
| حالة الفقد | نموذج السعر الفعال | حالة تلف | ليس للاعارة | رقم الطلب | تاريخ الاكتساب | الموقع الحالي | الباركود | الفرع الرئيسي | Date last seen | نوع المادة فى نظام كوها | مصدر التصنيف او خطة الترفيف | Total Checkouts |
|---|---|---|---|---|---|---|---|---|---|---|---|---|
| 2013-03-10 | 519.24 A S T | 2012-04-20 | كلية الشريعة والقانون - طلاب | 00084555 | كلية الشريعة والقانون - طلاب | 2013-03-10 | كتاب | Dewey Decimal Classification | ||||
| 2013-03-10 | 519.24 A S T | 2012-04-20 | كلية الشريعة والقانون - طلاب | 00084556 | كلية الشريعة والقانون - طلاب | 2013-03-10 | كتاب | Dewey Decimal Classification | ||||
| 2013-03-10 | 519.24 A S T | 2012-04-22 | مكتبة كلية التربية بالزلفى - طالبات (EZF) | 00085136 | مكتبة كلية التربية بالزلفى - طالبات (EZF) | 2013-03-10 | كتاب | Dewey Decimal Classification | ||||
| 2013-03-10 | 519.24 A S T | 2012-04-22 | مكتبة كلية التربية بالزلفى - طالبات (EZF) | 00085137 | مكتبة كلية التربية بالزلفى - طالبات (EZF) | 2013-03-10 | كتاب | Dewey Decimal Classification | ||||
| 2013-03-10 | 519.24 A S T | 2012-04-10 | مكتبة مجمع الطالبات بالمجمعة (EMF) | 00076161 | مكتبة مجمع الطالبات بالمجمعة (EMF) | 2013-03-10 | كتاب | Dewey Decimal Classification | ||||
| 2013-03-10 | 519.24 A S T | 2012-04-10 | مكتبة مجمع الطالبات بالمجمعة (EMF) | 00076160 | مكتبة مجمع الطالبات بالمجمعة (EMF) | 2013-03-10 | كتاب | Dewey Decimal Classification | ||||
| 2013-03-10 | 519.24 A S T | 2012-04-10 | مكتبة مجمع الطالبات بالمجمعة (EMF) | 00076159 | مكتبة مجمع الطالبات بالمجمعة (EMF) | 2013-03-10 | كتاب | Dewey Decimal Classification | ||||
| 2013-03-10 | 519.24 A S T | 2012-04-10 | مكتبة مجمع الطالبات بالمجمعة (EMF) | 00076158 | مكتبة مجمع الطالبات بالمجمعة (EMF) | 2013-03-10 | كتاب | Dewey Decimal Classification | ||||
| 2013-03-10 | 519.24 A S T | 2012-04-23 | مكتبة مجمع الكليات بالزلفى - طلاب (SZM) | 00085158 | مكتبة مجمع الكليات بالزلفى - طلاب (SZM) | 2013-03-10 | كتاب | Dewey Decimal Classification | ||||
| 2013-03-10 | 519.24 A S T | 2012-04-23 | مكتبة مجمع الكليات بالزلفى - طلاب (SZM) | 00085159 | مكتبة مجمع الكليات بالزلفى - طلاب (SZM) | 2013-03-10 | كتاب | Dewey Decimal Classification |
